Nazwiska zakończone na „son” - Statystyki

Ogólne statystyki
  • Ten quiz został rozwiązany 8 razy
  • Średni wynik to 9 z 50
Statystyki odpowiedzi
Ranga Nazwisko % Poprawnych
14 {Wil}son
88%
19 {Jack}son
63%
571 {Peter}sen
63%
71 {Peter}son
63%
2 {John}son
50%
204 {Han}sen
38%
276 {Han}son
38%
265 {Jen}sen
38%
166 {Ma}son
38%
605 {Rober}son
38%
81 {Wat}son
38%
593 {Car}son
25%
380 {Daw}son
25%
43 {Nel}son
25%
566 {Ol}sen
25%
157 {Ol}son
25%
80 {Richard}son
25%
432 {Steven}son
25%
23 {Thomp}son
25%
15 {Ander}son
13%
365 {Ben}son
13%
252 {Carl}son
13%
188 {Fergu}son
13%
214 {Hud}son
13%
606 {Lar}sen
13%
247 {Lar}son
13%
256 {Law}son
13%
117 {Patter}son
13%
158 {Simp}son
13%
424 {Swan}son
13%
634 {Wilkin}son
13%
267 {William}son
13%
646 {Alli}son
0%
637 {Atkin}son
0%
433 {Christen}sen
0%
301 {David}son
0%
659 {Dicker}son
0%
389 {Erick}son
0%
677 {Garri}son
0%
130 {Gib}son
0%
141 {Harri}son
0%
109 {Hender}son
0%
710 {Hutchin}son
0%
615 {Jeffer}son
0%
250 {Morri}son
0%
575 {Nichol}son
0%
308 {Pear}son
0%
496 {Per}son
0%
175 {Robert}son
0%
30 {Robin}son
0%
Nie znaleziono quizów pasujących do podanych kryteriów
Rozkład punktacji
Procent ludzi z każdym wynikiem
Percentyl według liczby udzielonych odpowiedzi
Twoja historia wyników
Nie rozwiązałeś tego quizu